| 000 | 00818nam a22002297a 4500 | ||
|---|---|---|---|
| 005 | 20120411115531.0 | ||
| 008 | 120411t xxu||||| |||| 00| 0 eng d | ||
| 010 | _aENG-105098 | ||
| 020 |
_a9788183822763 _c125.00 |
||
| 035 | _aEN-88631 | ||
| 037 | _bDBAD/PUB | ||
| 040 |
_aDPL _bEng |
||
| 082 | _a338.04 | ||
| 100 |
_944715 _aBanerjee, A.K. |
||
| 245 |
_aArt of entrepreneurship / _cby A.K.Banerjee |
||
| 260 |
_aNew Delhi _bLotus Press _c2012 |
||
| 270 |
_a4735/22,Prakash Deep Building,Ansari Road,Darya Ganj, _bNew Delhi _e110002 |
||
| 300 |
_a207p. _c22cm(pbk) |
||
| 500 | _aIncludes index | ||
| 942 |
_2ddc _cEN _mBAN _h338.04 |
||
| 999 |
_c65639 _d65639 |
||